India's Economy: Performance and Challenges (Record no. 49247)

MARC details
000 -LEADER
fixed length control field 00460nam a2200181Ia 4500
008 - FIXED-LENGTH DATA ELEMENTS--GENERAL INFORMATION
fixed length control field 230524s9999 xx 000 0 und d
020 ## - INTERNATIONAL STANDARD BOOK NUMBER
ISBN 0198064691
082 ## - DEWEY DECIMAL CLASSIFICATION NUMBER
Classification number 658.45
Item number ACH
100 ## - MAIN ENTRY--AUTHOR NAME
Personal name Shankar Acharya
245 #0 - TITLE STATEMENT
Title India's Economy: Performance and Challenges
250 ## - EDITION STATEMENT
Edition statement 2ND
260 ## - PUBLICATION, DISTRIBUTION, ETC. (IMPRINT)
Place of publication NEW DELHI
Name of publisher Oxford
Year of publication 2010
300 ## - PHYSICAL DESCRIPTION
Number of Pages XIII;464
500 ## - GENERAL NOTE
General note Quantity Number: 2
650 ## - SUBJECT ADDED ENTRY--TOPICAL TERM
Topical Term Economics
700 ## - ADDED ENTRY--PERSONAL NAME
Personal name Rakesh Mohan (Editor)
942 ## - ADDED ENTRY ELEMENTS (KOHA)
Koha item type Books
Holdings
Lost status Damaged status Permanent Location Current Location Shelving location Date acquired Full call number Accession Number Koha item type
    Central Library, Trident Academy of Technology Central Library, Trident Academy of Technology General Stacks 05/24/2023 658.45 ACH 42674 Books
    Central Library, Trident Academy of Technology Central Library, Trident Academy of Technology General Stacks 05/24/2023 658.45 ACH 42675 Books
Trident Academy of Technology © 2023.
All rights reserved.                                                                                                                                                                                                        Designed by Team of Central Library .

Powered by Koha